Paul: (Record no. 16967)

000 -LEADER
fixed length control field 00485nam a2200169 a 4500
001 - CONTROL NUMBER
control field :::00020321$&:&@@
003 - CONTROL NUMBER IDENTIFIER
control field OkBaRHE
005 - DATE AND TIME OF LATEST TRANSACTION
control field 20020219125337.0
008 - FIXED-LENGTH DATA ELEMENTS--GENERAL INFORMATION
fixed length control field s1981 j 000 0 eng u
040 ## - CATALOGING SOURCE
Transcribing agency
100 1# - MAIN ENTRY--PERSONAL NAME
Personal name Turner, George Allen
245 10 - TITLE STATEMENT
Title Paul:
Remainder of title apostle for today.
260 ## - PUBLICATION, DISTRIBUTION, ETC. (IMPRINT)
Place of publication, distribution, etc Wheaton, IL
Name of publisher, distributor, etc Tyndale House
Date of publication, distribution, etc 1981
300 ## - PHYSICAL DESCRIPTION
Extent 280 p.
942 ## - ADDED ENTRY ELEMENTS (KOHA)
Source of classification or shelving scheme
Koha item type Books
Copies
Withdrawn status Price effective from Copy number Damaged status Permanent Location Koha item type Barcode Date acquired Shelving location Date last seen Full call number Source of classification or shelving scheme Not for loan Lost status
 2010-04-141 RHEMA Bible Training CollegeBooks203212010-04-14General Stacks2018-03-16BS 2505 .T87